| 000 | 00788nam a22001457a 4500 | ||
|---|---|---|---|
| 008 | 260422b ||||| |||| 00| 0 eng d | ||
| 082 | 0 | 4 | _a553.8 |
| 100 | 0 | 0 | _aNoran Nabilla Nor Azlan |
| 245 | 1 | 0 | _aRANCANGAN MALAYSIA KE DUA BELAS : PROJEK PENILAIAN POTENSI SUMBER UNSUR NADIR BUMI : PENILAIAN POTENSI SUMBER UNSUR NADIR BUMI (REE) DI KG. PERADONG, JELEBU, NEGERI SEMBILAN / Oleh : NORAN NABILLA BINTI NOR AZLAN, NORSHAM BINTI SAMSUDIN, ABDUL HADI BIN ABDUL RAHMAN |
| 250 | _aNO. LAPORAN : JMG.NSM (REE) 1/2022 | ||
| 260 |
_aSeremban, Negeri Sembilan : _bJabatan Mineral dan Geosains Malaysia, Negeri Sembilan/Melaka, _c2022 |
||
| 300 |
_a72 pages : _bsome colour illustrations ; _c30 cm |
||
| 650 | 1 |
_xRare earth elements _zMalaysia _zJelebu |
|
| 942 |
_2ddc _e23 _h553.8 |
||
| 999 |
_c27216 _d27216 |
||